| 000 | 00443nam a22001817a 4500 | ||
|---|---|---|---|
| 003 | OSt | ||
| 005 | 20180116183050.0 | ||
| 008 | 160809b xxu||||| |||| 00| 0 eng d | ||
| 020 | _a9780863774355 | ||
| 040 | _c0 | ||
| 082 | _a150 EYS 1996 | ||
| 100 | _aMichael Eysenck | ||
| 245 |
_aSimply Psychology _cMichael Eysenck |
||
| 260 |
_aUK _bPsychology Press _c1996 |
||
| 300 |
_a432 p. _bHB |
||
| 440 | _aSimply Psychology | ||
| 942 |
_2ddc _cBK |
||
| 999 |
_c351586 _d351586 |
||